000 00880nam a2200253Ia 4500
003 OSt
005 20220923215637.0
006 a|||||r|||| 00| 0
007 ta
008 220922b |||||||| |||| 00| 0 hin d
024 _a180,526
037 _cTextual
040 _aARTS
_cARTS
_bhin
041 _2hin
_ahin
082 _aO152,1J94,1:g, M6
100 _aओझा, विष्णु प्रसाद
245 0 _aबिहारी सतसई और दयाराम - सतसई
246 _aBihārī satasaī aur dayārām - satasaī
260 _aदिल्ली
_b चिन्ता प्रकाशन
_c1986
300 _a335 पृ.
_ccm.
650 _aहिन्दी साहित्य
_9156264
942 _hO152,1J94,1:g, M6
_cTEXL
_2CC
999 _c333904
_d333904